|
|
|
|
| LEADER |
00000cam a2200000 a 4500 |
| 001 |
vtls011616924 |
| 003 |
SK-MaSNL |
| 005 |
20260301140413.0 |
| 008 |
240318s2017 xo g n 000 0 slo |
| 015 |
|
|
|a SNBA2017/04
|
| 020 |
|
|
|a 9788081920172
|q (brož.)
|
| 035 |
|
|
|a urn:nbn:sk:snk-am00cx5u
|
| 035 |
|
|
|a urn:nbn:sk:snk-am3hmjs
|
| 035 |
|
|
|a 1F1E1D53-D75E-43D6-9E97-CAD98B3AC34C
|
| 040 |
|
|
|a SNK
|b slo
|c SNK
|e AACR2
|
| 041 |
0 |
|
|a slo
|
| 044 |
|
|
|a xo
|c SK
|
| 072 |
|
7 |
|a 27-4
|x Praktická teológia. Morálna teológia
|2 konspekt
|
| 080 |
|
|
|a 27-442.47
|2 2011
|
| 080 |
|
|
|a 27-565.4
|2 2011
|
| 080 |
|
|
|a (0:82-4)
|2 2011
|
| 080 |
|
|
|a (0:82-97)
|2 2011
|
| 080 |
|
|
|a 22/24-583
|2 2011
|
| 100 |
1 |
|
|a Sivoň, Marián
|4 aut
|9 351665
|
| 245 |
1 |
0 |
|a Múdrosť kríža
|b 40 rozjímaní na pôst
|c Marián Sivoň
|
| 246 |
3 |
0 |
|a 40 rozjímaní na pôst
|
| 250 |
|
|
|a 1. vyd.
|
| 260 |
|
|
|a Doľany
|b ZAEX - Náboženská literatúra
|c 2017
|
| 300 |
|
|
|a 110 s.
|c 18 cm
|
| 504 |
|
|
|a Bibliogr. odkazy
|
| 650 |
0 |
7 |
|a pôst
|2 SNKPH
|9 1978
|
| 650 |
0 |
7 |
|a pôstne obdobie
|2 SNKPH
|9 69335
|
| 650 |
0 |
7 |
|a Fasting
|2 SNKPHeng
|9 313005
|
| 650 |
0 |
7 |
|a Lent
|2 SNKPHeng
|9 313006
|
| 650 |
0 |
7 |
|a meditácia
|2 SNKPH
|9 2005
|
| 650 |
0 |
7 |
|a Meditation
|2 SNKPHeng
|9 276141
|
| 655 |
|
7 |
|a úvahy
|2 SNKPH
|9 29403
|
| 655 |
|
7 |
|a modlitby
|2 SNKPH
|9 70550
|
| 655 |
|
7 |
|a Essays
|2 SNKPHeng
|9 267540
|
| 655 |
|
7 |
|a Prayers
|2 SNKPHeng
|9 291214
|
| 852 |
|
|
|a Štátna vedecká knižnica v Banskej Bystrici
|
| 919 |
|
|
|a 978-80-8192-017-2
|
| 958 |
|
|
|a NT
|
| 958 |
|
|
|a NB
|
| 999 |
|
|
|c 763552
|d 765482
|
| 952 |
|
|
|a SNK
|b SNK
|y PREZ
|7 0
|p 17A1256339
|o snkSD 86113
|i snk2017/7601
|8 0
|0 0
|1 0
|4 0
|d 2017-03-28
|f 1
|l 0
|r 2026-02-24 00:11:30
|w 2026-02-24
|
| 952 |
|
|
|a SNK
|b SNK
|y VYP
|7 0
|p 17A1256340
|o snkSD 86113 D1
|i snk2017/7602
|8 0
|0 0
|1 0
|4 0
|d 2017-03-28
|l 0
|r 2026-02-24 00:11:30
|w 2026-02-24
|